| 000 | 01187 a2200205 4500 | ||
|---|---|---|---|
| 001 | 53190 | ||
| 005 | 20260407155806.0 | ||
| 008 | 260407a2005 arg spa d | ||
| 003 | AR-UNSa-BCEJYS | ||
| 040 |
_aAR-UNSa-BCEJYS _bspa _cAR-UNSa-BCEJYS |
||
| 080 |
_a331.101 _xCuestiones laborales de carácter general. Teoría del trabajo. Ciencia del trabajo |
||
| 245 | 1 | 0 |
_aTrabajo decente _pDiagnóstico y aportes para la medición del mercado laboral local |
| 020 | _a987-9494-68-7 | ||
| 264 | 1 |
_aMar del Plata : _bEdiciones Suárez _c2005 |
|
| 300 |
_a216 p. _c22 cm. |
||
| 505 | _a1. Acerca de la naturaleza del trabajo - 2. Considraciones y aproximaciones al trabajo decente - 3. La transfiguración del mercado de trabajo.Del contexto nacional a la realidad local - 4. Condiciones críticas de empleo.Una nueva perspectiva de la cuestión laboral - 5. Reflexiones metodológicas sobre la medición de la pobreza.Análisis de su superación - 6. Vulnerabilidad social:El camino hacia la exclusión - 7. Distribución de ingresos y desigualdad - 8. Protección y des´protección social | ||
| 942 | _cBK | ||
| 590 | _aniveau_biblio:m niveau_hierar:0 | ||
| 100 | 1 | _aLanari, María Estela | |
| 999 |
_c5130 _d5130 |
||